Statistics for Formula One Teams 1990-1999

Click here to take the quiz!

General Stats

  • This quiz has been taken 50 times
  • The average score is 15 of 33

Answer Stats

HintAnswer% Correct
1990-1999Ferrari
98%
1990-1999Williams
98%
1990-1999Benetton
93%
1990-1999McLaren
93%
1991-1999Jordan
79%
1990-1999Minardi
79%
1990-1994Lotus
77%
1993-1999Sauber
72%
1997-1999Prost
67%
1990-1998Tyrrell
65%
1990, 1997-1999Arrows
63%
1990-1996Ligier
60%
1999BAR
58%
1997-1999Stewart
58%
1990-1992Brabham
56%
1992March
42%
1991-1996Footwork
35%
1992Andrea Moda
33%
1994-1995Pacific
33%
1994-1995Simtek
33%
1990-1991Leyton House
30%
1991Modena
30%
1995-1996Forti
28%
1990-1991, 1993-1994Larrousse
26%
1990Onyx
26%
1990Life
23%
1990Osella
16%
1992Venturi
16%
1990-1991AGS
14%
1990-1991Coloni
14%
1990EuroBrun
12%
1991-1992Fondmetal
12%
1990-1993Italia
9%

Score Distribution

Percentile by Number Answered

Percent of People with Each Score

Your Score History

You have not taken this quiz